000 00502nam a22001817a 4500
005 20251108174945.0
008 250721s2010 xx 000 0 ara d
082 1 4 _aق/فرد
100 1 _aعبد الغفار، حسن
_eمؤلف
245 1 0 _aالشاهنامة /
264 1 _aمصر :
_bمكتبة النافذة،
_c2010.
300 _a276ص.
650 1 7 _aالأدب العربي
650 1 7 _aالقصص العربية
650 1 7 _aالملاحم
942 _2ddc
_cBK
999 _c122486
_d122486